00664nam a22002055i 4500001000700000003000900007005001700016008004100033020001800074080003200092080003100124100002900155245006800184260004300252300004500295490002000340600004200360830002000402852003600422175948ES-MaACL20250516183601.0101202s1974 sp f |||| | spa d a84-387-0000-4 a929 Chaikovskii, Petr Llich a78 Chaikovskii, Petr Llich1 aRuiz Tarazona, Andrés.10aTchaikovsky b: un alma atormentada / cAndrés Ruiz Tarazona. aMadrid : bReal Musical, cD. L. 1974. a95, [4] p. de lám. bl. y n. ; c16 cm.1 aMúsicos ; v104aChaikovskii, Piotr llich, d1840-18930 aMúsicos ; v1 aES-MaACLj2268-F-1 xOlim P-102